National Sports - Statistics

General Stats
  • This quiz has been taken 47 times
    30 since last reset
  • The average score is 7 of 13
Answer Stats
Question Answer % Correct
India Cricket
95%
Brazil Soccer
95%
China Table Tennis (Ping Pong)
80%
Scotland Golf
70%
South Korea Taekwondo
65%
Estonia Basketball
50%
Germany Soccer
45%
Philippines Arnis
40%
Iceland Handball
40%
Japan Sumo Wrestling
40%
Russia Russian Hockey
35%
Egypt Soccer
20%
United States Baseball
10%
No matching quizzes found
Score Distribution
Percent of People with Each Score
Percentile by Number Answered
Your Score History
You have not taken this quiz since the last reset